Science Quiz

Random Science Quiz

Muscle Innervations Shoulder and Arm Quiz Stats

 Plays Quiz not verified by Sporcle

Score 0/17 Timer 10:00
0 Plays Today
Nerve Muscle % Correct
Axillary C5, 6Deltoid
90.7%
Lateral pectoral C5, 6, 7, 8, T1Pectoralis Major
87%
Medial pectoral C (6), 7, 8, T1Pectoralis Minor
85.1%
Axillary C5, 6Teres Minor
84.8%
Musculocutaneous C5, 6Biceps brachii
84%
Upper and Lower subscapular C5, 6, 7Subscapularis
83.3%
Suprascapular C4, 5, 6Supraspinatus
82.9%
Thoracodorsal C6, 7, 8Latissimus Dorsi
82.2%
Suprascapular C(4), 5, 6Infraspinatus
81.8%
Nerve Muscle % Correct
Long thoracic C5, 6, 7, 8Serratus Anterior
81.8%
Spinal portion of Cranial Nerve XI and ventral ramus C2, 3, 4Trapezius
79.2%
Lower subscapular C5, 6, 7Teres major
78.8%
Radial C6, 7, 8, T1Triceps brachii
75.5%
Musculocutaneous C6, 7Coracobrachialis
74.7%
Subclavian C5, 6Subclavius
71%
Cervical 3, 4 and Dorsal scapular C4, 5Levator Scapula
69.1%
Dorsal scapular C4, 5Rhomboid Major and Minor
32%

You're not logged in!

Compare scores with friends on all Sporcle quizzes.
OR
Log In

Show Comments

Extras

Top Quizzes Today


Score Distribution

Your Account Isn't Verified!

In order to create a playlist on Sporcle, you need to verify the email address you used during registration. Go to your Sporcle Settings to finish the process.

Report this User

Report this user for behavior that violates our Community Guidelines.

Details: